000 00538nam a2200157 i 4500
001 62193
003 ES-MaACL
005 20230906164626.0
007 t|
008 031118s1969 sp ||||1| spa d
111 2 _aFeria Oficial y Nacional de Muestras (
_n29ª.
_d1969.
_cZaragoza)
_9736
245 1 0 _aCatálogo oficial /
_cXXIX Feria Oficial y Nacional de Muestras, 2-16 de octubre de 1969.
260 _aZaragoza :
_b[s.n.,
_c1969] (
_fTall. Gráf. "La Editorial")
300 _a717 p. ;
_c22 cm.
852 _aES-MaACL
_jC-36747
_bR.71222
999 _c62193
_d62193